000 00819cam a22002534a 4500
999 _c2813
_d2813
001 12660062
003 GBCCL
005 20241126110440.0
008 020129s2002 nju 001 0 eng
010 _a 2002020647
020 _a0862014816
040 _aDLC
_cDLC
_dDLC
042 _apcc
050 0 0 _aHD38.2
_b.B94 2002
082 0 0 _a262.1
_221
_bBAU
100 1 _aBaumohl, Anton
_95921
245 1 0 _aGrow your own leaders :
_ba practical guide to training in the local church /
_cAnton Baumohl.
260 _aLondon :
_bScripture union,
_cc1987.
300 _a208 p. ;
_c24 cm.
650 0 _aLeadership.
_93087
906 _a7
_bcbc
_corignew
_d1
_eocip
_f20
_gy-gencatlg
942 _2ddc
_cBK